| 000 | 00762nam a22001697a 4500 | ||
|---|---|---|---|
| 003 | MACL | ||
| 005 | 20160716154145.0 | ||
| 008 | 160716b xxu||||| |||| 00| 0 eng d | ||
| 040 | _cMACL | ||
| 041 | _aHindi | ||
| 082 | _a001 SHR | ||
| 100 |
_aश्रीवास्तव,कुसुमलता _964546 |
||
| 245 |
_aमध्यप्रदेश राज्य सेवा मुख्य परीक्षा सामान्य हिन्दी _bपंचम प्रश्न पत्र _cकुसुमलता श्रीवास्तव |
||
| 260 |
_aइन्दौर _bमहावीर पब्लिशर्स |
||
| 650 |
_aसामान्य ज्ञान _9328 |
||
| 942 |
_2ddc _cHIN |
||
| 999 |
_c54317 _d54317 |
||